00896nam a2200241Ia 4500003000400000005001700004008004100021020002200062040000700084041000800091082001700099100001700116245006200133260004100195300001200236365001300248650004700261906004500308942001200353999001900365952013500384952013500519OSt20230623140832.0210423s2016 xx 000 0 und d a978-93-82348-44-3 cAL aeng a791.43K JOGK aJOGI9115035 aKathe chitrakathe sambhashanebMy experiments with cinema aBangalorebSawanna Enterprisesc2016 a352bPB b300cINR aMotion Pictures, Radio, Television9115036 achitrakathe ; jogi ; Kathe ; sambhashane 2ddccBK c168181d168181 001040708MAJMCaSACPGbSACPGd2017-01-09eNavakarnatakag300.00l0o791.43K JOGKpPG014683r2022-08-24 00:00:00w2021-04-26yBK 001040708MAJMCaSACPGbSACPGd2017-01-09eNavakarnatakag300.00l0o791.43K JOGKpPG014684r2022-08-24 00:00:00w2021-04-26yBK